000
00301nam a22001337a 4500
008
171121b xxu||||| |||| 00| 0 eng d
020
_a
9780538613262
041
_a
eng
080
_2
11 ED
_a
339.138
100
_a
60
101
_a
MAR
245
_a
RETAIL MERCHANDISING
_c
SAMSON.L
942
_2
udc
_c
BK
999
_c
38278
_d
38278